00748cam a2200181 4500008004100000020001500041035001200056245010400068250001100172260004300183300003400226440005000260504003700310650007700347650005600424651005600480700003000536080519s2002 mau 000 0 spa u a0674009649 aa47022004aThe politics of ethnicity :bIndigenous peoples in Latin American States/ced. David Maybury-Lewis. a1a ed. aMassachusetts:bDrclas Harvard, c2002 axxii, 386 p. :bil. ;c23 cm. 0athe David rockefeller center pLatin American aIncluye bibliografias e índice 4aIndígenas de América del Sur xRelaciones gubernamentales ySiglo XX 4aAmérica Latina xPolítica y gobierno ySiglo XX 4aIndigenas de América del Sur xIdentidad étnica1 aMaybury-Lewis, David, ed.